|
|
|
|
| LEADER |
00000cam a2200000 7i4500 |
| 001 |
0000001252 |
| 005 |
20140330.0 |
| 090 |
0 |
0 |
|a 634.9096
|b INT 2000
|
| 110 |
1 |
0 |
|a The INTERNATIONAL Workshop on Community Forestry in Africa
|k 1999
|j the Gambia
|
| 245 |
1 |
0 |
|a Proceedings of the International Workshop on Community Forestry in Africa :
|b Participatory forest management : a strategy for sustainable forest management in Africa, 26-30 April 1999, Banjul, the Gambia
|
| 260 |
0 |
0 |
|a Rome :
|b Food and Agriculture Organization of the United Nations ,
|c 2000
|
| 300 |
|
|
|a xiii, 423 p. :
|b ill. ;
|c 24 cm.
|
| 500 |
0 |
0 |
|a Includes bibliographical references
|
| 500 |
0 |
0 |
|a Texts in English and French
|
| 650 |
0 |
0 |
|a Forests and forestry
|z Africa
|x Congresses
|
| 710 |
1 |
1 |
|a Food and Agriculture Organization of the United Nations (FAO)
|
| 998 |
|
|
|a JPSM
|
| 999 |
|
|
|a 0000002743
|b Monograph
|c Open Shelf
|e Default branch
|